000 00353 a2200133 4500
000 nam a22 7a 4500
100 _aThangjam K. Singh
110 _aThangjam K. Singh
245 _aIndia’s Cybersecurity Policy: Evolution and Trend Analyses
250 _alatest edition
260 _bRoutledge
_c2024
264 _bRoutledge
_c2024
942 _cBK
999 _c395475
_d395475